| 000 | 00469nam a2200181Ia 4500 | ||
|---|---|---|---|
| 008 | 140626s9999 xx 000 0 und d | ||
| 100 | _aVicente, Julius. | ||
| 245 |
_aCasa Santa : _b enjoy 365 days of christmas / _cJulius Vicente. |
||
| 260 | _cc2011. | ||
| 300 | _a13 : 7, page 16 | ||
| 440 | _aCruising | ||
| 521 | _aTOU | ||
| 650 | _a365 days of Christmas. | ||
| 650 | _aAntipolo. | ||
| 650 | _aCasa Santa. | ||
| 650 | _aOpen house museum . | ||
| 942 | _cSE | ||
| 999 |
_c121166 _d121166 |
||